Business networks and strategic alliances in China / (Record no. 350341)

000 -LEADER
fixed length control field 02656cam a2200409 a 4500
001 - CONTROL NUMBER
control field 14689471
003 - CONTROL NUMBER IDENTIFIER
control field OSt
005 - DATE AND TIME OF LATEST TRANSACTION
control field 20180116183013.0
008 - FIXED-LENGTH DATA ELEMENTS--GENERAL INFORMATION
fixed length control field 070109s2007 enka b 001 0 eng
010 ## - LIBRARY OF CONGRESS CONTROL NUMBER
LC control number 2007000731
015 ## - NATIONAL BIBLIOGRAPHY NUMBER
National bibliography number GBA710574
Source bnb
016 7# - NATIONAL BIBLIOGRAPHIC AGENCY CONTROL NUMBER
Record control number 013661388
Source Uk
020 ## - INTERNATIONAL STANDARD BOOK NUMBER
International Standard Book Number 9781845423063 (hardback)
020 ## - INTERNATIONAL STANDARD BOOK NUMBER
International Standard Book Number 1845423062 (hardback)
035 ## - SYSTEM CONTROL NUMBER
System control number (OCoLC)77716870
035 ## - SYSTEM CONTROL NUMBER
System control number (OCoLC)ocm77716870
040 ## - CATALOGING SOURCE
Original cataloging agency DLC
Transcribing agency DLC
Modifying agency UKM
-- BTCTA
-- BAKER
-- BWKUK
-- YDXCP
-- OCLCA
-- BWK
-- DLC
043 ## - GEOGRAPHIC AREA CODE
Geographic area code a-cc---
050 00 - LIBRARY OF CONGRESS CALL NUMBER
Classification number HD69.S8
Item number B866 2007
082 00 - DEWEY DECIMAL CLASSIFICATION NUMBER
Classification number 338.870951 CLE 2007
Edition number 22
100 ## - MAIN ENTRY--PERSONAL NAME
Personal name Stewart Clegg
245 00 - TITLE STATEMENT
Title Business networks and strategic alliances in China /
Statement of responsibility, etc. edited by Stewart Clegg, Karen Wang, Mike Berrell.
260 ## - PUBLICATION, DISTRIBUTION, ETC.
Place of publication, distribution, etc. Cheltenham, UK ;
-- Northampton, MA :
Name of publisher, distributor, etc. E. Elgar,
Date of publication, distribution, etc. 2007.
300 ## - PHYSICAL DESCRIPTION
Extent xv, 330 p. :
Other physical details ill. ;
Dimensions 24 cm.
504 ## - BIBLIOGRAPHY, ETC. NOTE
Bibliography, etc. note Includes bibliographical references and index.
505 0# - FORMATTED CONTENTS NOTE
Formatted contents note Business networks and strategic alliances in China / Stewart Clegg, Karen Wang, & Mike Berrell -- The nature of power, control, trust and risk in international joint ventures / Mike Berrell -- The role of culture in international business relations / Jan Selmer -- Social capital and knowledge transfer between subsidiaries of foreign MNCs and local organizations / Wilhelm Barner-Rasmussen & Ingmar Björkman -- The adoption of agency business activity, product innovation and performance in Chinese technology ventures / Haiyang Li & Kwaku Atuahene-Gima -- Tacit knowledge and inter-firm learning in China / Richard Li-Hua & Jian Peng -- Inter-firm relations in business groups / Lisa A. Keister -- Creating social capital as a competitive (dis)advantage / Heidi Dahles -- The contextual balance of social capital within hierarchical relations in China / Karen Wang -- Human capital, social capital and firm performance in Chinese SMEs / Stephen T.T. Teo & Karen Wang -- Business networks in China / Emanuela Todeva -- Guanxi and ethical business issues in China / Jos Gamble -- Performance in international joint ventures in China / John Child.
650 #0 - SUBJECT ADDED ENTRY--TOPICAL TERM
Topical term or geographic name entry element Business networks
Geographic subdivision China.
650 #0 - SUBJECT ADDED ENTRY--TOPICAL TERM
Topical term or geographic name entry element Strategic alliances (Business)
Geographic subdivision China.
650 #0 - SUBJECT ADDED ENTRY--TOPICAL TERM
Topical term or geographic name entry element Diffusion of innovations
General subdivision Economic aspects
Geographic subdivision China.
700 1# - ADDED ENTRY--PERSONAL NAME
Personal name Clegg, Stewart.
700 1# - ADDED ENTRY--PERSONAL NAME
Personal name Wang, Karen,
Titles and other words associated with a name Dr.
700 1# - ADDED ENTRY--PERSONAL NAME
Personal name Berrell, Mike,
Dates associated with a name 1950-
856 41 - ELECTRONIC LOCATION AND ACCESS
Materials specified Table of contents only
Uniform Resource Identifier <a href="http://www.loc.gov/catdir/toc/ecip078/2007000731.html">http://www.loc.gov/catdir/toc/ecip078/2007000731.html</a>
906 ## - LOCAL DATA ELEMENT F, LDF (RLIN)
a 7
b cbc
c orignew
d 1
e ecip
f 20
g y-gencatlg
942 ## - ADDED ENTRY ELEMENTS (KOHA)
Source of classification or shelving scheme
Koha item type Book
Holdings
Withdrawn status Lost status Source of classification or shelving scheme Damaged status Not for loan Collection code Permanent Location Current Location Shelving location Date acquired Total Checkouts Full call number Barcode Date last seen Date last checked out Price effective from Koha item type
            Central Library (CL) Central Library (CL) General Stacks 09/11/2015 1 338.870951 CLE 2007 NBS9438 11/22/2017 08/10/2017 09/11/2015 Book
© 2023 Central Library, National University of Sciences and Technology. All Rights Reserved.